Statistics for All Formula 1 Grand Prix winning drivers

Click here to take the quiz!

General Stats

  • This quiz has been taken 119 times
    (42 since last reset)
  • The average score is 60 of 97

Answer Stats

Active years Wins Name Nationality Won with % Correct
1978–865Keke RosbergFinlandWilliams
100%
1984–9441Ayrton SennaBrazilLotus, McLaren
100%
2006–1623Nico RosbergGermanyMercedes
100%
2007–present65Lewis HamiltonUnited KingdomMcLaren, Mercedes
100%
2001–09, 2012–present20Kimi RäikkönenFinlandMcLaren, Ferrari, Lotus
95%
2015–present3Max VerstappenNetherlandsRed Bull
95%
1980–91, 199351Alain ProstFranceRenault, McLaren, Ferrari, Williams
95%
1991–2006, 2010–1291Michael SchumacherGermanyBenetton, Ferrari
95%
2007–present50Sebastian VettelGermanyToro Rosso, Red Bull, Ferrari
95%
1992–9922Damon HillUnited KingdomWilliams, Jordan
91%
1991–200120Mika HäkkinenFinlandMcLaren
91%
2001, 2003–present32Fernando AlonsoSpainRenault, McLaren, Ferrari
91%
1965–7327Jackie StewartUnited KingdomBRM, Matra, March, Tyrrell
91%
1971–79, 1982–8525Niki LaudaAustriaFerrari, Brabham, McLaren
91%
1950–51, 1953–5824Juan Manuel FangioArgentinaAlfa Romeo, Maserati, Mercedes, Ferrari
91%
1994–200813David CoulthardUnited KingdomWilliams, McLaren
86%
1978–9123Nelson PiquetBrazilBrabham, Williams, Benetton
86%
1980–92, 1994–9531Nigel MansellUnited KingdomWilliams, Ferrari
86%
1973–821Jochen MassGermanyMcLaren
86%
2002–139Mark WebberAustraliaRed Bull
82%
1973–7910James HuntUnited KingdomHesketh, McLaren
82%
2001–067Juan Pablo MontoyaColombiaWilliams, McLaren
82%
2011–present7Daniel RicciardoAustraliaRed Bull
82%
1977–826Gilles VilleneuveCanadaFerrari
82%
2006–101Robert KubicaPolandBMW
82%
1993–201111Rubens BarrichelloBrazilFerrari, Brawn
82%
1984–9710Gerhard BergerAustriaBenetton, Ferrari, McLaren
82%
2000–1615Jenson ButtonUnited KingdomHonda, Brawn, McLaren
82%
1968–72, 1974–8212Mario AndrettiUnited StatesFerrari, Lotus
82%
1955–7014Jack BrabhamAustraliaCooper, Brabham
82%
1950–5513Alberto AscariItalyFerrari
82%
1970–8014Emerson FittipaldiBrazilLotus, McLaren
82%
1960–6825Jim ClarkUnited KingdomLotus
82%
1950–6216Stirling MossUnited KingdomMercedes, Maserati, Vanwall, Cooper, Lotus
82%
1996–200611Jacques VilleneuveCanadaWilliams
82%
2007–131Heikki KovalainenFinlandMcLaren
77%
1958–64, 19663Phil HillUnited StatesFerrari
77%
1997–20111Jarno TrulliItalyRenault
77%
1964–706Jochen RindtAustriaLotus
77%
1958–7514Graham HillUnited KingdomBRM, Lotus
77%
1997–20076Ralf SchumacherGermanyWilliams
77%
1975–81, 1983, 1985–8612Alan JonesAustraliaShadow, Williams
77%
2002, 2004–present11Felipe MassaBrazilFerrari
77%
1972–8010Jody ScheckterSouth AfricaTyrrell, Wolf, Ferrari
77%
1965–748Denny HulmeNew ZealandBrabham, McLaren
73%
1989–20011Jean AlesiFranceFerrari
73%
1967–798Jacky IckxBelgiumFerrari, Brabham
73%
1996–20093Giancarlo FisichellaItalyJordan, Renault
73%
2011–151Pastor MaldonadoVenezuelaWilliams
73%
1970–7810Ronnie PetersonSwedenLotus, March
73%
1989–20003Johnny HerbertUnited KingdomBenetton, Stewart
68%
2013–present3Valtteri BottasFinlandMercedes
68%
1993–20024Eddie IrvineUnited KingdomFerrari
68%
1960–726John SurteesUnited KingdomFerrari, Cooper, Honda
68%
1978–897René ArnouxFranceRenault, Ferrari
68%
1994–20033Heinz-Harald FrentzenGermanyWilliams, Jordan
64%
1950–555Nino FarinaItalyAlfa Romeo, Ferrari
64%
1970–805Clay RegazzoniSwitzerlandFerrari, Williams
64%
1972–8212Carlos ReutemannArgentinaBrabham, Ferrari, Williams
64%
1994–99, 2001–041Olivier PanisFranceLigier
64%
1977–936Riccardo PatreseItalyBrabham, Williams
59%
1974–866Jacques LaffiteFranceLigier
55%
1981–945Michele AlboretoItalyTyrrell, Ferrari
55%
1952–583Mike HawthornUnited KingdomFerrari
55%
1977–862Patrick TambayFranceFerrari
50%
1973–83, 19855John WatsonUnited KingdomPenske, McLaren
50%
1979–862Elio de AngelisItalyLotus
45%
1978–823Didier PironiFranceLigier, Ferrari
45%
1956–612Wolfgang von TripsGermanyFerrari
45%
1959–704Bruce McLarenNew ZealandCooper, McLaren
45%
1983–933Thierry BoutsenBelgiumWilliams
41%
1959–68, 19704Dan GurneyUnited StatesPorsche, Brabham, Eagle
41%
1974–75, 1977–812Jean-Pierre JabouilleFranceRenault
36%
1972, 1974–802Patrick DepaillerFranceTyrrell, Ligier
36%
1986–901Alessandro NanniniItalyBenetton
36%
1963–712Pedro RodríguezMexicoCooper, BRM
36%
1972–771José Carlos PaceBrazilBrabham
32%
1967–741Jean-Pierre BeltoiseFranceBRM
27%
1970–731François CevertFranceTyrrell
27%
1952–583Peter CollinsUnited KingdomFerrari
27%
1976–771Gunnar NilssonSwedenLotus
27%
1964, 1971–742Peter RevsonUnited StatesMcLaren
27%
1974–801Vittorio BrambillaItalyMarch
23%
1961–671Lorenzo BandiniItalyFerrari
23%
1956–616Tony BrooksUnited KingdomVanwall, Ferrari
18%
1950–57, 19602José Froilán GonzálezArgentinaFerrari
18%
1960–671Richie GintherUnited StatesHonda
18%
1970–741Peter GethinUnited KingdomBRM
18%
1962–712Jo SiffertSwitzerlandLotus, BRM
18%
1950–511Luigi FagioliItalyAlfa Romeo
14%
1950–642Maurice TrintignantFranceFerrari, Cooper
14%
1950–561Piero TaruffiItalyFerrari
14%
1956–711Joakim BonnierSwedenBRM
14%
1963–681Ludovico ScarfiottiItalyFerrari
14%
1959–661Innes IrelandUnited KingdomLotus
14%
1961–671Giancarlo BaghettiItalyFerrari
14%
1954–581Luigi MussoItalyFerrari
14%

Score Distribution

Percentile by Number Answered

Percent of People with Each Score

Your Score History

You have not taken this quiz since the last reset